Países por Emisiones de Metano per Cápita - Estadísticas

Estadísticas generales
  • Esta prueba ha sido intentada 31 veces
  • La puntuación promedio es 7 de 15
Estadísticas de respuestas
Emisiones/cápita Continente País % Correcto
5.39t Oceanía Australia
77%
6.80t Oceanía Nueva Zelanda
70%
5.99t América del Sur Uruguay
67%
4.21 América del Sur Paraguay
63%
4.71 Asia Rusia
50%
7.57t Asia Catar
47%
5.10t Asia Emiratos Árabes Unidos
43%
10.61t Asia Baréin
40%
18.05t América del Norte Granada
37%
5.87t Asia Kuwait
37%
8.19t América del Norte Barbados
27%
5.83t Asia Mongolia
27%
5.03 Americas Trinidad y Tobago
27%
13.54t Asia Turkmenistán
27%
9.35t África Libia
13%
No se encontraron pruebas coincidentes
Distribución de puntuación
Porcentaje de gente con cada puntuación
Porcentaje por número respondido
Historial de tus puntuaciones
No has intentado esta prueba.